El Tratamiento de las aguas residuales en los pequeños municipios / Rafael Mujeriego ... [et al.]
Descripción Física:
[5], 108 f. , 30 cm
Otros Autores:
Mujeriego, Rafael
MARC
| LEADER | 00000nam a2200000Ia 4500 | ||
|---|---|---|---|
| 001 | 2046 | ||
| 008 | 160829s1983 xx 000 0 cat d | ||
| 080 | |a C-1-87 | ||
| 245 | |a El Tratamiento de las aguas residuales en los pequeños municipios / Rafael Mujeriego ... [et al.] | ||
| 260 | |a Barcelona : |b Diputació de Barcelona, Servei de Cooperació Municipal, |c 1983 | ||
| 300 | |a [5], 108 f. , 30 cm | ||
| 650 | 0 | |a Aigües residuals |x Depuració |z Barcelona (Província) |9 20730 | |
| 700 | |a Mujeriego, Rafael |9 20731 | ||
| 710 | 1 | |a Barcelona (Catalunya : Província). |b Servei de Cooperació Municipal |9 54958 | |
| 901 | |a Arxiu | ||
| 942 | |n 1 | ||
| 952 | |0 0 |1 0 |4 0 |6 C187 |7 1 |9 46917 |a Arxiu |b Arxiu |d 2016-12-01 |l 0 |o C-1-87 |p 2046 |r 2016-12-01 00:00:00 |w 2016-12-01 |y ARXIU | ||
| 999 | |c 50710 |d 50710 | ||